| 000 | 00653nam a2200241Ia 4500 | ||
|---|---|---|---|
| 005 | 20260121112946.0 | ||
| 008 | 10162 260114s9999 xx 000 0 eng d | ||
| 020 | _a9789814261500 | ||
| 037 | _aEBOOK | ||
| 040 |
_aCRL _beng _cCRL |
||
| 041 |
_aeng _2eng |
||
| 084 | _qCRL | ||
| 100 |
_aPapousek D _9965946 |
||
| 245 | 0 | _aVibrational-Rotational Spectroscopy and Molecular Dynamics | |
| 260 | _bWorld Scientific | ||
| 260 | _bWSPC | ||
| 260 | _c1997 | ||
| 650 |
_aMaterials Science _9965947 |
||
| 856 | _uhttps://www.worldscientific.com/worldscibooks/10.1142/2242#t=toc | ||
| 942 | _cEBOOK | ||
| 999 |
_c1547462 _d1547462 |
||